000 00437nam a2200181Ia 4500
008 170918s9999 xx 000 0 und d
020 _a9780547053745
050 _bM911on 2007
100 _aMosher, Howard F.
245 _aOn kingdom mountain /
245 _cby Howard F. Mosher.
260 _aNew York :
260 _bMariner Book,
260 _c2007
300 _a276 pages :
300 _billustrations ;
300 _c21cm.
999 _c343965
_d343965